[Event "Tourn. n10280"]
[Site "www.echecsemail.com"]
[Date "2020.02.03"]
[Round "1"]
[White "Tartan"]
[Black "Jazzy"]
[WhiteElo "2440"]
[BlackElo "2290"]
[Result "1-0"]
[Round "1"]
1.e4 b6
2.d4 Bc8b7
3.Bf1d3 Bb7a6
4.Ng1f3 e6
5.O-O Ng8e7
6.Bd3xa6 Nb8xa6
7.Nb1c3 d5
8.exd5 exd5
9.Rf1e1 Qd8d7
10.Nf3e5 Qd7f5
11.Qd1e2 Na6b4
12.Qe2b5 c6
13.Ne5xc6 { resign }
1-0

[Event "1/16 Finale"]
[Site "www.chess-mail.com"]
[Date "2020.02.03"]
[Round "1"]
[White "Reignblowcan"]
[Black "Seger"]
[WhiteElo "2620"]
[BlackElo "2830"]
[Result "1/2-1/2"]
[Round "1"]
1.e4 e5
2.Nb1c3 Ng8f6
3.a3 Bf8c5
4.Bf1c4 O-O
5.Ng1f3 d6
6.O-O a5
7.d4 exd4
8.Nf3xd4 Nb8d7
9.Bc4a2 Nd7e5
10.f3 Rf8e8
11.Kh1 h6
12.Bc1e3 a4
13.Qd1d2 c6
14.Be3g1 Ne5g6
15.g4 Ng6e5
16.g5 hxg5
17.Qd2xg5 Nf6h7
18.Qg5g2 Qd8h4
19.Nd4f5 Bc8xf5
20.exf5 Qh4f4
21.Nc3e4 Ra8d8
22.Ra1d1 b6
23.c3 Kf8
24.Bg1d4 Nh7f6
25.Ne4g5 Rd8d7
26.Ba2b1 Ne5c4
27.Bd4xf6 gxf6
28.Ng5h7 Ke7
29.Qg2g7 Kd8
30.Nh7xf6 Nc4xb2
31.Rd1c1 Re8e2
32.Qg7h8 Kc7
33.Nf6xd7 Kxd7
34.Qh8h7 Kc8
35.c4 Qf4g5
36.Rf1g1 Bc5xg1
37.Rc1xg1 Qg5f4
38.Bb1e4 Re2xe4
39.fxe4 { draw }
1/2-1/2

[Event "Match"]
[Site "www.echecsemail.com"]
[Date "2020.02.04"]
[Round "1"]
[White "Apdash"]
[Black "Numanoid"]
[WhiteElo "2260"]
[BlackElo "2780"]
[Result "0-1"]
[Round "1"]
1.d4 d5
2.Ng1f3 c5
3.e3 Nb8c6
4.Nb1c3 Ng8f6
5.Bf1b5 Bc8g4
6.h3 Bg4xf3
7.Qd1xf3 e6
8.O-O cxd4
9.exd4 Qd8b6
10.Qf3d3 Bf8e7
11.Bc1e3 O-O
12.f4 Nc6b4
13.Qd3e2 Ra8c8
14.a3 Nb4xc2
15.Ra1b1 Nc2xe3
16.Qe2xe3 Rc8c7
17.Bb5d3 g6
18.g4 Qb6a5
19.f5 exf5
20.gxf5 Be7d8
21.fxg6 hxg6
22.Qe3h6 Nf6e4
23.Nc3xe4 dxe4
24.Bd3xe4 Bd8g5
25.b4 Qa5b5
26.Qh6xf8 Kxf8
27.Be4xg6 Bg5e3
28.Kh2 Qb5g5
29.Bg6e4 Be3f4
30.Kh1 Qg5g3
31.Rb1b2 Qg3xh3
{ resign }
0-1

[Event "Tourn. n10286"]
[Site "www.echecsemail.com"]
[Date "2020.02.04"]
[Round "1"]
[White "Bigrezi"]
[Black "Fantomas"]
[WhiteElo "2270"]
[BlackElo "2190"]
[Result "0-1"]
[Round "1"]
1.e4 e6
2.d4 d5
3.e5 c5
4.f4 c4
5.Nb1c3 a6
6.a3 Ng8e7
7.Ng1f3 Nb8c6
8.Bc1e3 b5
9.b4 cxb3
10.cxb3 Ne7f5
11.Be3f2 b4
12.axb4 Bf8xb4
13.Bf1d3 Bb4xc3
14.Nf3d2 Bc3xa1
15.Qd1xa1 O-O
16.Bd3b5 Bc8b7
17.Bb5e2 Qd8b6
18.O-O Qb6b4
19.Bf2e1 Nf5xd4
20.Be2d1 Qb4b5
21.Bd1e2 Nd4xe2
{ resign }
0-1

[Event "Match"]
[Site "www.echecsemail.com"]
[Date "2020.02.04"]
[Round "1"]
[White "Bjonil60"]
[Black "Filip"]
[WhiteElo "1440"]
[BlackElo "999"]
[Result "1-0"]
[Round "1"]
1.Nb1a3 e5
2.Ng1f3 Nb8c6
3.d3 d5
4.d4 e4
5.Nf3d2 Nc6xd4
6.e3 Nd4c6
7.c3 Bf8c5
8.b4 Bc5d6
{ time. }
1-0

[Event "Tourn. n10256"]
[Site "www.echecsemail.com"]
[Date "2020.02.04"]
[Round "1"]
[White "Passaroa25"]
[Black "Fereike"]
[WhiteElo "1670"]
[BlackElo "1680"]
[Result "0-1"]
[Round "1"]
1.Nb1c3 c5
2.Ng1f3 Nb8c6
3.e4 e6
4.d3 d5
5.Bf1e2 dxe4
6.Nc3xe4 Ng8f6
7.c3 Nf6xe4
8.dxe4 Bf8e7
9.O-O O-O
10.Bc1e3 b6
11.Qd1a4 Bc8b7
12.Qa4c2 Qd8c7
13.g3 Be7d6
14.Rf1d1 Nc6e5
15.Nf3xe5 Bd6xe5
16.Ra1b1 Ra8d8
17.Be2d3 g6
18.f4 Be5g7
19.e5 Qc7c6
20.Qc2g2 Qc6xg2

0-1

[Event "Match"]
[Site "www.echecsemail.com"]
[Date "2020.02.04"]
[Round "1"]
[White "Goofy"]
[Black "Double2dutch"]
[WhiteElo "2370"]
[BlackElo "2340"]
[Result "1/2-1/2"]
[Round "1"]
1.e4 c5
2.Ng1f3 e6
3.d4 cxd4
4.Nf3xd4 a6
5.Nb1c3 Qd8c7
6.g3 Ng8f6
7.Bf1g2 Bf8b4
8.Bc1d2 d6
9.O-O Bb4xc3
10.Bd2xc3 h5
11.h3 Nb8d7
12.Nd4b3 e5
13.Bc3b4 Nd7c5
14.Nb3xc5 dxc5
15.Bb4c3 Bc8e6
16.Qd1d2 Nf6d7
17.Qd2g5 f6
18.Qg5xg7 O-O-O
19.Rf1d1 Rd8e8
20.Rd1d2 Qc7d8
21.Ra1d1 Re8g8
22.Rd2xd7 Rg8xg7
23.Rd7xd8 Rh8xd8
24.Rd1xd8 Kxd8
25.Bc3a5 Kd7
26.b3 b5
27.Ba5d2 b4
28.c4 Rg7g8
29.Kh2 a5
30.Bg2f3 Be6f7
31.Bf3d1 a4
32.Kg2 Kc6
{ draw }
1/2-1/2

[Event "Tourn. n10272"]
[Site "www.echecsemail.com"]
[Date "2020.02.04"]
[Round "1"]
[White "Cal"]
[Black "Roque1"]
[WhiteElo "1700"]
[BlackElo "1850"]
[Result "0-1"]
[Round "1"]
1.Ng1f3 d6
2.d4 Ng8f6
3.h3 e6
4.Nb1c3 Bf8e7
5.a3 O-O
6.g4 Nb8c6
7.e4 e5
8.d5 Nc6b8
9.b4 c6
10.dxc6 Nb8xc6
11.Bc1g5 Bc8e6
12.Bf1d3 a5
13.Nc3e2 d5
14.exd5 Qd8xd5
15.c4 Qd5xf3
16.Rh1g1 Qf3xh3
17.Ne2g3 Be6xg4
18.Bd3e2 Ra8d8
19.Bg5xf6 Rd8xd1
20.Ra1xd1 Be7xf6
21.Be2xg4 Qh3xg4
22.Rd1d2 Qg4xc4
23.Ng3e2 axb4
24.axb4 Qc4xb4
25.Rg1g3 Rf8d8
26.Rg3c3 Rd8xd2
27.Kxd2 Bf6g5
28.Kc2 Qb4e4
29.Kd1 Qe4a4
30.Ke1 Qa4a1
31.Ne2c1 Qa1xc3
{ resign }
0-1

[Event "Match"]
[Site "www.echecsemail.com"]
[Date "2020.02.04"]
[Round "1"]
[White "Apdash"]
[Black "Tarasch"]
[WhiteElo "2270"]
[BlackElo "2210"]
[Result "0-1"]
[Round "1"]
1.e4 c5
2.Ng1f3 d6
3.Bf1c4 e6
4.O-O Ng8f6
5.Nb1c3 Bf8e7
6.d4 cxd4
7.Nf3xd4 a6
8.Bc1g5 Qd8c7
9.Qd1e2 b5
10.Bc4b3 Nb8c6
11.Ra1d1 Nc6a5
12.Bg5xf6 Be7xf6
13.Kh1 Na5xb3
14.axb3 Bc8b7
15.f4 Ra8c8
16.Nc3xb5 axb5
17.Nd4xb5 Qc7xc2
18.Nb5xd6 Ke7
19.Nd6xc8 Rh8xc8
20.Rf1f2 Qc2xe2
21.Rf2xe2 Ke8
22.e5 Bf6e7
23.Re2d2 Bb7d5
24.Rd1a1 Bd5xb3
25.h3 f5
26.Ra1a7 Bb3d5
27.Kh2 Kf8
28.g4 Be7c5
29.Ra7d7 Bc5e3
30.Rd2e2 Be3xf4
31.Kg1 Rc8c1
32.Kf2 Bd5c4
33.Rd7c7 Bc4xe2
34.Rc7xc1 Bf4xc1
35.Kxe2 fxg4
36.hxg4 Bc1xb2
37.Kf3 Bb2xe5
{ resign }
0-1

[Event "Tourn. n10253"]
[Site "www.echecsemail.com"]
[Date "2020.02.04"]
[Round "1"]
[White "Numanoid"]
[Black "Apdash"]
[WhiteElo "2780"]
[BlackElo "2240"]
[Result "1-0"]
[Round "1"]
1.e4 e5
2.Ng1f3 Nb8c6
3.d4 exd4
4.Nf3xd4 Bf8c5
5.Nd4b3 Bc5b6
6.Qd1e2 d6
7.Bc1e3 Ng8f6
8.Nb1c3 Bc8g4
9.f3 Bb6xe3
10.Qe2xe3 Bg4d7
11.O-O-O a5
12.a4 Nc6b4
13.Kb1 O-O
14.g4 Qd8e7
15.Qe3f2 Rf8e8
16.h4 Nf6xg4
17.fxg4 Bd7xg4
18.Bf1e2 Bg4xe2
19.Qf2xe2 Ra8a6
20.Qe2g4 Qe7e6
21.Qg4xe6 Re8xe6
22.Nb3d4 Re6g6
23.Rd1g1 Nb4c6
24.Nd4xc6 Ra6xc6
25.Rg1xg6 hxg6
26.Kc1 Rc6c5
27.Rh1g1 Rc5h5
28.Rg1g4 c6
29.Kd2 b5
30.axb5 cxb5
31.Ke3 b4
32.Nc3d5 Kh7
33.Kf4 Rh5e5
34.Rg4g5 Re5e8
35.b3 Re8c8
36.Nd5e3 Rc8a8
37.Ne3c4 a4
38.bxa4 Ra8xa4
39.Rg5a5 Ra4xa5
40.Nc4xa5 { resign }
1-0

[Event "Tourn. n10254"]
[Site "www.echecsemail.com"]
[Date "2020.02.04"]
[Round "1"]
[White "Esperanza"]
[Black "Aders1"]
[WhiteElo "2040"]
[BlackElo "2059"]
[Result "0-1"]
[Round "1"]
1.d4 Ng8f6
2.Bc1f4 g6
3.h3 Bf8g7
4.e3 c5
5.c3 Qd8b6
6.Qd1b3 O-O
7.Ng1f3 d6
8.Nb1d2 cxd4
9.exd4 Qb6c7
10.Bf1e2 Nb8c6
11.O-O e5
12.dxe5 dxe5
13.Bf4h2 Bc8e6
14.Qb3c2 Rf8d8
15.Ra1c1 Rd8d7
16.Be2b5 Nf6h5
17.Nd2e4 Nh5f4
18.Ne4c5 Be6f5
19.Qc2a4 Rd7d5
20.Bh2xf4 exf4
21.Nc5b3 Ra8d8
22.Bb5xc6 bxc6
23.Nb3d4 Bf5d3
24.Rf1e1 Bd3b5
25.Qa4c2 Bb5a6
26.Qc2e4 Bg7xd4
27.Nf3xd4 c5
28.Nd4e6 fxe6
29.Qe4xe6 Kg7
30.Qe6xa6 f3
31.Qa6e6 Rd8d7
32.Qe6e3 fxg2
33.Re1e2 Qc7c6
34.Rc1e1 a5
35.Qe3e6 Qc6b7
36.Qe6e4 h6
37.b3 { time. }
0-1

[Event "1/64 Finale"]
[Site "www.chess-mail.com"]
[Date "2020.02.04"]
[Round "1"]
[White "Cal"]
[Black "Bevittsmith"]
[WhiteElo "1710"]
[BlackElo "2310"]
[Result "0-1"]
[Round "1"]
1.c4 e5
2.a3 Ng8f6
3.Nb1c3 Bf8e7
4.e4 d6
5.h3 Bc8e6
6.d3 Nb8c6
7.b4 Nc6d4
8.Bc1g5 h6
9.Bg5xf6 Be7xf6
10.Bf1e2 O-O
11.Ng1f3 Nd4xf3
12.Be2xf3 c6
13.Nc3e2 d5
14.cxd5 cxd5
15.exd5 Be6xd5
16.O-O Bd5xf3
17.gxf3 e4
18.fxe4 Bf6xa1
19.Qd1xa1 Qd8xd3
20.f3 Qd3xe2
21.Rf1f2 Qe2e3
22.h4 Ra8c8
23.Kg2 Rc8c3
24.a4 Rf8c8
25.Qa1b2 Rc3b3
26.Qb2e5 Rb3c3
27.h5 Rc3c2
28.Rf2xc2 Rc8xc2
29.Kg3 Qe3g1
30.Kf4 Qg1h2
31.Kf5 Qh2xe5
32.Kxe5 Rc2c4
33.b5 Rc4xa4
34.Kd5 a5
35.Kc5 Ra4b4
36.e5 Rb4b3
37.f4 a4
38.Kc4 Rb3f3
39.Kc5 a3
40.Kd6 a2
{ resign }
0-1

[Event "Match"]
[Site "www.echecsemail.com"]
[Date "2020.02.05"]
[Round "1"]
[White "Storzman"]
[Black "Jesmantiz"]
[WhiteElo "2190"]
[BlackElo "2150"]
[Result "1-0"]
[Round "1"]
1.d4 f5
2.Ng1f3 d6
3.Bc1f4 g6
4.h3 Bf8g7
5.e3 Ng8f6
6.Bf1c4 c6
7.Nb1c3 b5
8.Bc4b3 b4
9.Nc3e2 Bc8a6
10.O-O Nf6e4
11.a3 Qd8b6
12.a4 Nb8d7
13.Nf3g5 d5
14.a5 Qb6b5
15.Ng5e6 Kf7
16.Ne6c7 Qb5xe2
17.Qd1xe2 Ba6xe2
18.Rf1e1 Ra8c8
19.Re1xe2 e5
20.dxe5 Nd7c5
21.e6 Nc5xe6
22.Nc7xe6 Kxe6
23.Ra1b1 g5
24.Bf4h2 Rh8d8
25.f3 Ne4c5
26.Bb3a2 Kf6
27.Rb1d1 Kg6
28.b3 Bg7c3
29.Bh2g3 h5
30.Bg3e1 d4
31.exd4 Bc3xd4
32.Kf1 Nc5a6
33.Re2d2 c5
34.Be1f2 Rc8c6
35.Ba2b1 Rc6d6
36.Rd2d3 Na6c7
37.c3 bxc3
38.b4 Nc7b5
39.bxc5 Rd6d5
40.Bb1c2 Kf6
41.c6 Ke5
42.g3 f4
43.gxf4 gxf4
44.c7 Rd8c8
45.Bc2a4 c2
46.Ba4xc2 Rc8xc7
47.Bc2a4 Nb5c3
48.Bf2xd4 Rd5xd4
49.Rd3xd4 Nc3xd1
50.Rd4xd1 Rc7c4
51.Ba4e8 h4
52.Rd1d7 Rc4c2
53.Rd7xa7 Rc2a2
54.a6 Kd6
55.Ra7d7 Kc5
56.a7 Kb6
57.Rd7h7 Ra2xa7
58.Rh7xa7 Kxa7
59.Ke2 Kb6
60.Kd3 Kc5
61.Ke4 Kd6
62.Kxf4 Ke7
63.Be8c6 Kf6
64.Kg4 { resign }
1-0

[Event "Tourn. n10253"]
[Site "www.echecsemail.com"]
[Date "2020.02.05"]
[Round "1"]
[White "Sorim"]
[Black "Numanoid"]
[WhiteElo "2330"]
[BlackElo "2780"]
[Result "0-1"]
[Round "1"]
1.c4 e6
2.Nb1c3 d5
3.e4 d4
4.Nc3e2 c5
5.d3 Nb8c6
6.Ng1f3 Ng8f6
7.Ne2f4 Qd8c7
8.Bf1e2 Bf8d6
9.g3 O-O
10.O-O b6
11.Rf1e1 h6
12.Be2f1 Bc8b7
13.Bf1g2 Rf8e8
14.Bc1d2 Nf6d7
15.a3 a5
16.Qd1e2 a4
17.Re1b1 Nc6a5
18.Rb1f1 Na5b3
19.Ra1b1 Bb7c6
20.Rf1d1 Ra8b8
21.Bg2h3 b5
{ resign }
0-1

[Event "Tourn. n10277"]
[Site "www.echecsemail.com"]
[Date "2020.02.05"]
[Round "1"]
[White "Estonia"]
[Black "Malbertan"]
[WhiteElo "1900"]
[BlackElo "2050"]
[Result "1/2-1/2"]
[Round "1"]
1.e4 e5
2.Ng1f3 Nb8c6
3.Bf1b5 Ng8f6
4.O-O Nf6xe4
5.Rf1e1 Ne4d6
6.Bb5xc6 dxc6
7.Re1xe5 Bf8e7
8.Qd1e2 Bc8e6
9.d3 O-O
10.Re5xe6 fxe6
11.Qe2xe6 Kh8
12.Nb1c3 Rf8f6
13.Qe6b3 b6
14.Bc1g5 Rf6g6
15.Bg5xe7 Qd8xe7
16.Ra1e1 Qe7d7
17.Nf3e5 Rg6e6
18.f4 Qd7e7
19.Re1f1 Nd6f5
20.Nc3e2 Nf5e3
21.Rf1f3 Ne3d5
22.c4 Nd5xf4
23.Ne2xf4 Re6xe5
24.g3 Re5e3
25.Rf3xe3 Qe7xe3
26.Kg2 Qe3d2
27.Kh3 Qd2e1
28.Qb3c2 Qe1f1
29.Kg4 Ra8f8
30.d4 Qf1e1
31.h4 Qe1e3
32.d5 cxd5
33.cxd5 Qe3e8
34.Qc2xc7 h5
35.Kf3 Qe8e1
36.Qc7c4 Qe1d1
37.Kg2 Qd1d2
38.Kh3 Qd2xb2
39.Nf4g6 Kg8
40.Ng6xf8 Kxf8
41.d6 Qb2f6
42.Qc4f4 Qf6xf4
43.gxf4 Kf7
44.Kg3 Ke6
45.Kf3 Kxd6
46.Ke4 Ke6
{ draw }
1/2-1/2

[Event "Match"]
[Site "www.echecsemail.com"]
[Date "2020.02.05"]
[Round "1"]
[White "Cal"]
[Black "Apdash"]
[WhiteElo "1680"]
[BlackElo "2270"]
[Result "0-1"]
[Round "1"]
1.c4 e5
2.e4 Ng8f6
3.d3 c6
4.Bc1g5 Bf8e7
5.Bf1e2 d5
6.cxd5 cxd5
7.a3 O-O
8.Bg5xf6 Be7xf6
9.Nb1c3 d4
10.Nc3d5 Bc8e6
11.h3 Be6xd5
12.Ng1f3 Bd5e6
13.O-O Nb8c6
14.Nf3h2 Bf6g5
15.Be2g4 Qd8d7
16.b4 f5
17.exf5 Be6xf5
18.b5 Nc6e7
19.Rf1e1 Qd7xb5
20.Bg4xf5 Rf8xf5
21.Nh2g4 Ne7c6
22.Ra1b1 Qb5a6
23.a4 h5
24.Ng4h2 Ra8f8
25.Qd1xh5 Bg5d2
26.Qh5g4 Bd2xe1
27.Rb1xe1 Qa6xd3
28.Qg4g6 Qd3d2
29.Re1f1 Rf5xf2
30.Nh2f3 Rf2xf1
31.Kxf1 Qd2d1
32.Kf2 d3
33.Qg6e6 Kh8
34.Kg3 Qd1e2
35.Qe6c4 Rf8xf3
36.gxf3 Qe2e1
37.Kg2 d2
{ resign }
0-1

[Event "Match"]
[Site "www.echecsemail.com"]
[Date "2020.02.05"]
[Round "1"]
[White "Ericleo1980"]
[Black "Gilliere"]
[WhiteElo "2000"]
[BlackElo "2050"]
[Result "1-0"]
[Round "1"]
1.e4 c5
2.Ng1f3 d6
3.d4 cxd4
4.Nf3xd4 Ng8f6
5.Nb1c3 a6
6.Bc1e3 e5
7.Nd4b3 Nb8c6
8.f3 Bf8e7
9.g4 h6
10.Qd1d2 Qd8c7
11.O-O-O  { time }
1-0

[Event "Tourn. n10287"]
[Site "www.echecsemail.com"]
[Date "2020.02.05"]
[Round "1"]
[White "Iko"]
[Black "Roque1"]
[WhiteElo "1790"]
[BlackElo "1770"]
[Result "0-1"]
[Round "1"]
1.e4 c5
2.c4 e6
3.Bf1d3 Nb8c6
4.Nb1c3 g6
5.Ng1f3 Bf8g7
6.b3 Ng8e7
7.Bc1a3 d6
8.Nf3g5 O-O
9.O-O e5
10.Rf1e1 Nc6d4
11.b4 b6
12.b5 a6
13.Re1e3 axb5
14.Nc3xb5 Bc8a6
15.Nb5c3 Ne7c6
16.Nc3a4 Qd8xg5
17.Na4xb6 Ra8a7
18.Qd1a4 Ba6xc4
19.Qa4xc4 Ra7xa3
20.Re3g3 Qg5xd2
21.Nb6d7 Rf8a8
22.Nd7b6 Nc6a5
23.Qc4d5 Ra8b8
24.Nb6d7 Na5b3
25.Ra1b1 Rb8a8
26.Bd3c4 Nd4e2
27.Kf1 Ne2xg3
28.fxg3 Qd2xd5
29.Nd7b6 Qd5xe4
30.Rb1xb3 Ra3xa2
31.Nb6xa8 Qe4xc4
32.Kg1 Qc4c1

0-1

[Event "1/128 Finale"]
[Site "www.chess-mail.com"]
[Date "2020.02.05"]
[Round "1"]
[White "Ff333"]
[Black "Madz123456"]
[WhiteElo "2000"]
[BlackElo "1770"]
[Result "0-1"]
[Round "1"]
1.e4 c5
2.d4 cxd4
3.Qd1xd4 e6
4.Bf1d3 Ng8f6
5.Ng1f3 Nb8c6
6.Qd4e3 Bf8e7
7.a3 O-O
8.O-O d5
9.Nf3d4 Nf6g4
10.Qe3g3 Nc6xd4
11.Qg3xg4 e5
12.Qg4g3 dxe4
13.c3 Nd4f5
14.Qg3xe5 exd3
15.Nb1d2 Be7d6
16.Qe5b5 a6
17.Qb5b3 b5
18.Nd2e4 Bc8b7
19.Ne4xd6 Qd8xd6
20.Bc1d2 Ra8e8
21.Ra1e1 Qd6g6
22.f3 Nf5h4
23.Kh1 Qg6xg2
{ resign }
0-1

[Event "Tourn. n10290"]
[Site "www.echecsemail.com"]
[Date "2020.02.06"]
[Round "1"]
[White "Churrasca"]
[Black "Fantomas"]
[WhiteElo "2320"]
[BlackElo "2190"]
[Result "1-0"]
[Round "1"]
1.e4 e6
2.d4 d5
3.Nb1d2 dxe4
4.Nd2xe4 Ng8f6
5.Ne4xf6 Qd8xf6
6.Ng1f3 h6
7.Bf1d3 Bf8d6
8.O-O O-O
9.Qd1e2 Nb8c6
10.Qe2e4 Qf6f5
11.Qe4e2 Qf5f6
12.c3 Bc8d7
13.Bc1e3 Nc6e7
14.Nf3d2 Bd7c6
15.f3 Ne7g6
16.Nd2e4 Bc6xe4
17.Bd3xe4 c6
18.g3 Ng6e7
19.Ra1e1 Ne7d5
20.Be3d2 Rf8e8
21.Be4c2 e5
22.Qe2e4 Nd5e7
23.dxe5 { resign }
1-0

[Event "Tourn. n10256"]
[Site "www.echecsemail.com"]
[Date "2020.02.06"]
[Round "1"]
[White "Fereike"]
[Black "Fabos12"]
[WhiteElo "1650"]
[BlackElo "1480"]
[Result "1-0"]
[Round "1"]
1.c4 e5
2.e4 Nb8c6
3.Ng1f3 f6
4.d4 exd4
5.Nf3xd4 Ng8e7
6.Nb1c3 Nc6xd4
7.Qd1xd4 Ne7c6
8.Qd4d1 Bf8b4
9.Qd1c2 O-O
10.Bf1e2 d6
11.O-O Nc6e5
12.Nc3d5 Bb4a5
13.b4 Ba5b6
14.Nd5xb6 cxb6
15.Bc1b2 Bc8e6
16.Bb2xe5 fxe5
17.Ra1d1 Qd8c7
18.Qc2d2 Ra8d8
19.Rd1c1 Rf8f7
20.Rc1c2 Qc7c6
21.Qd2e3 a5
22.a3 Rf7f4
23.f3 axb4
24.axb4 Rf4f8
25.c5 dxc5
{ time. }
1-0

[Event "Match"]
[Site "www.echecsemail.com"]
[Date "2020.02.06"]
[Round "1"]
[White "Chapi"]
[Black "Aders1"]
[WhiteElo "2100"]
[BlackElo "2350"]
[Result "1-0"]
[Round "1"]
1.d4 Ng8f6
2.c4 g6
3.Ng1f3 Bf8g7
4.Nb1c3 O-O
5.Bc1g5 c5
6.d5 h6
7.Bg5h4 d6
8.e4 g5
9.Bh4g3 Nf6h5
10.Bf1e2 a6
11.O-O Nh5xg3
12.fxg3 Nb8d7
13.Nf3e1 Bg7d4
14.Kh1 Nd7e5
15.h3 Qd8a5
16.Qd1c1 e6
17.Ne1f3 Bd4xc3
18.Qc1xc3 Qa5xc3
19.bxc3 Ne5xf3
20.gxf3 e5
21.Kh2 Rf8d8
22.f4 f6
23.fxe5 fxe5
24.Be2h5 b5
25.Rf1f6 bxc4
26.Ra1f1 Ra8b8
27.Rf1f2 Rb8b7
28.Rf6xh6 Rb7b1
29.Rh6g6 Kh8
30.Rg6xg5 Rb1c1
31.Rf2f6 Kh7
32.Bh5g6 Kh8
33.Bg6f5 Bc8xf5
34.exf5 Rc1xc3
35.Rf6h6 
1-0

[Event "Tourn. n10269"]
[Site "www.echecsemail.com"]
[Date "2020.02.06"]
[Round "1"]
[White "Asoka"]
[Black "Seger"]
[WhiteElo "2700"]
[BlackElo "2800"]
[Result "1/2-1/2"]
[Round "1"]
1.Ng1f3 c5
2.e4 d6
3.Nb1c3 Ng8f6
4.d4 cxd4
5.Nf3xd4 a6
6.Bc1e3 e5
7.Nd4b3 Bf8e7
8.f3 Bc8e6
9.Bf1e2 Nb8d7
10.f4 exf4
11.Be3xf4 Nd7e5
12.Qd1d2 O-O
13.O-O Ra8c8
14.Kh1 Rf8e8
15.Nb3d4 Qd8b6
16.Ra1b1 Be7d8
17.Bf4e3 Qb6c7
18.Nd4xe6 fxe6
19.Be3d4 Qc7e7
20.b4 Re8f8
21.a4 h6
22.a5 Qe7d7
23.Bd4xe5 dxe5
24.Qd2xd7 Nf6xd7
25.Rf1xf8 Kxf8
26.Rb1b3 Bd8e7
27.g3 Nd7b8
28.Be2g4 Rc8c6
29.b5 axb5
30.Nc3xb5 Kf7
31.Nb5a7 Rc6c7
32.Rb3f3 Be7f6
33.Rf3b3 { draw }
1/2-1/2

[Event "1/128 Finale"]
[Site "www.chess-mail.com"]
[Date "2020.02.06"]
[Round "1"]
[White "Filidor"]
[Black "Agmdiazj"]
[WhiteElo "1649"]
[BlackElo "999"]
[Result "1-0"]
[Round "1"]
1.e4 c5
2.Ng1f3 d6
3.d4 cxd4
4.Nf3xd4 Ng8f6
5.Nb1c3 g6
6.Bc1e3 Bf8g7
7.f3 O-O
8.Qd1d2 Nb8c6
9.Bf1c4 Bc8d7
10.O-O-O Ra8c8
11.Bc4b3 Nc6a5
12.Kb1 Na5xb3
13.cxb3 a6
14.g4 h5
15.h3 Kh7
16.Nd4e2 Bd7c6
17.Ne2f4 Qd8a5
18.Qd2f2 Qa5e5
19.Nf4d3 Qe5a5
20.Be3b6 Qa5g5
21.h4 Nf6xe4
22.Nc3xe4 Qg5b5
23.gxh5 Qb5xh5
24.Ne4g5 Kg8
25.Nd3f4 Qh5h6
26.Bb6e3 Bg7e5
27.Nf4d5 Bc6xd5
28.Rd1xd5 Qh6h5
29.f4 Be5g7
30.Qf2g2 Rc8c7
31.Ng5e6 Qh5xd5
32.Qg2xd5 fxe6
33.Qd5xe6 { resign }
1-0

[Event "Fast Game"]
[Site "www.echecsemail.com"]
[Date "2020.02.06"]
[Round "1"]
[White "Koudelka"]
[Black "Agmdiazj"]
[WhiteElo "1949"]
[BlackElo "1749"]
[Result "1/2-1/2"]
[Round "1"]
1.e4 c5
2.Ng1f3 d6
3.d4 cxd4
4.Bf1b5 Bc8d7
5.Nf3xd4 Ng8f6
6.Nb1c3 e6
7.O-O a6
8.Bb5d3 Bf8e7
9.Bc1e3 O-O
10.f4 Qd8c7
11.Qd1f3 Nb8c6
12.Ra1d1 Nc6xd4
13.Be3xd4 e5
14.fxe5 dxe5
15.Qf3g3 Be7c5
16.Bd4xc5 { draw }
1/2-1/2

[Event "Tourn. n10251"]
[Site "www.echecsemail.com"]
[Date "2020.02.07"]
[Round "1"]
[White "Stepanpech"]
[Black "Tarasch"]
[WhiteElo "2720"]
[BlackElo "2210"]
[Result "1-0"]
[Round "1"]
1.e4 Ng8f6
2.e5 Nf6d5
3.d4 d6
4.c4 Nd5b6
5.f4 g6
6.Nb1c3 Bf8g7
7.Bc1e3 Bc8e6
8.d5 Be6c8
9.Ng1f3 Bc8g4
10.h3 Bg4xf3
11.Qd1xf3 O-O
12.O-O-O c6
13.dxc6 bxc6
14.h4 Qd8c7
15.h5 dxe5
16.hxg6 fxg6
17.Qf3h3 Kf7
18.Bf1d3 Rf8h8
19.f5 Nb8d7
20.fxg6 hxg6
21.Qh3g4 Nd7f8
22.Rd1f1 Kg8
23.Bd3xg6 Nf8xg6
24.Qg4e6 { resign }
1-0

[Event "Tourn. n10257"]
[Site "www.echecsemail.com"]
[Date "2020.02.07"]
[Round "1"]
[White "Osopanda"]
[Black "Picifarkinca"]
[WhiteElo "1660"]
[BlackElo "1850"]
[Result "1-0"]
[Round "1"]
1.d4 c5
2.dxc5 Qd8a5
3.Bc1d2 Qa5xc5
4.c4 Qc5xc4
5.Nb1c3 Ng8f6
6.e4 Qc4d4
7.Ng1f3 Qd4c5
8.Bf1d3 Nf6g4
9.O-O d6
10.h3 Ng4e5
11.Bd3e2 Ne5xf3
12.Be2xf3 Nb8c6
13.Ra1c1 e6
14.Bd2e3 Qc5a5
15.Bf3e2 Bf8e7
16.f4 Bc8d7
17.a4 O-O
18.Be2f3 Ra8c8
19.g4 a6
20.e5 dxe5
21.Qd1xd7 Rf8d8
22.Bf3xc6 Rd8xd7
23.Bc6xd7 Rc8c7
24.Rf1d1 exf4
25.Be3xf4 { resign }
1-0

[Event "Tourn. n10209"]
[Site "www.echecsemail.com"]
[Date "2020.02.07"]
[Round "1"]
[White "Ditto"]
[Black "Esperanza"]
[WhiteElo "1910"]
[BlackElo "2060"]
[Result "0-1"]
[Round "1"]
1.e4 e5
2.Ng1f3 Nb8c6
3.Bf1c4 Bf8c5
4.d3 h6
5.Nb1c3 Ng8f6
6.O-O O-O
7.a3 a5
8.Rf1e1 d6
9.Nc3d5 Bc8g4
10.c3 Bc5a7
11.Bc4b3 b5
12.a4 b4
13.h3 Bg4e6
14.cxb4 axb4
15.Bc1d2 Ra8b8
16.Qd1c2 Be6xd5
17.exd5 Nc6d4
18.Nf3xd4 Ba7xd4
19.Ra1b1 Nf6d7
20.Qc2d1 f5
21.Qd1c2 f4
22.Qc2d1 Qd8h4
23.Qd1f3 g5
24.Qf3e4 Bd4xf2
25.Kh2 Kg7
26.Qe4f3 Qh4g3
27.Kh1 Qg3xf3
28.gxf3 Bf2xe1
29.Rb1xe1 Nd7c5
30.Bb3c4 Nc5xa4
31.b3 Na4c5
32.Re1a1 Rb8a8
33.Ra1g1 Rf8b8
34.h4 Kf6
35.h5 Ra8a2
36.Rg1g2 Ra2b2
37.Kg1 Nc5xb3
38.Bc4xb3 Rb2xb3
39.Bd2e1 Rb3xd3
40.Rg2c2 b3
41.Rc2b2 Rd3xf3
42.Kg2 Rf3d3
43.Be1f2 Rd3xd5
44.Kf3 Rb8b4
45.Bf2e1 Rd5d3
46.Ke2 Rd3e3
47.Kf2 Rb4e4
48.Be1c3 Re3xc3
49.Rb2b1 c5
50.Kf1 c4
51.Kf2 Rc3h3
52.Rb1d1 Ke6
53.Kg2 Rh3xh5
54.Rd1a1 b2
55.Ra1b1 c3
56.Kf3 Re4b4
{ resign }
0-1

[Event "Match"]
[Site "www.echecsemail.com"]
[Date "2020.02.07"]
[Round "1"]
[White "Apdash"]
[Black "Foxy100"]
[WhiteElo "2200"]
[BlackElo "2510"]
[Result "0-1"]
[Round "1"]
1.e4 e5
2.Ng1f3 Ng8f6
3.Bf1c4 Nf6xe4
4.d4 d5
5.Bc4b3 exd4
6.O-O Bf8c5
7.Nf3xd4 O-O
8.Bc1e3 Bc5b6
9.Qd1h5 Ne4f6
10.Qh5g5 c5
11.Nd4f5 Bc8xf5
12.Qg5xf5 c4
13.Bb3a4 Bb6xe3
14.fxe3 Qd8b6
15.b3 Qb6xe3
16.Qf5f2 Nf6g4
17.Qf2xe3 Ng4xe3
18.Rf1f2 Ne3g4
19.Rf2d2 a6
20.bxc4 dxc4
21.c3 b5
22.Ba4d1 Ng4e5
23.Rd2d5 Nb8c6
24.a4 Rf8d8
25.Rd5xd8 Ra8xd8
26.Bd1e2 b4
27.cxb4 Nc6xb4
28.Nb1c3 f5
29.Ra1c1 Ne5d3
30.Rc1f1 g6
31.g4 f4
32.g5 Kf7
33.h4 Ke6
34.Nc3e4 Ke5
35.Ne4f6 c3
36.Be2xd3 Nb4xd3
37.Nf6xh7 c2
38.Nh7f6 c1Q
39.Rf1xc1 Nd3xc1
{ resign }
0-1

[Event "Match"]
[Site "www.echecsemail.com"]
[Date "2020.02.07"]
[Round "1"]
[White "Estonia"]
[Black "Krokolis"]
[WhiteElo "1890"]
[BlackElo "2159"]
[Result "1-0"]
[Round "1"]
1.b3 d5
2.Bc1b2 Ng8f6
3.Ng1f3 g6
4.g3 Bf8g7
5.Bf1g2 O-O
6.d3 c5
7.Nb1d2 Nb8c6
8.O-O Rf8e8
9.c4  { time }
1-0

[Event "Match"]
[Site "www.echecsemail.com"]
[Date "2020.02.07"]
[Round "1"]
[White "Dussek"]
[Black "Roma753"]
[WhiteElo "1860"]
[BlackElo "2120"]
[Result "0-1"]
[Round "1"]
1.e4 e6
2.d4 d5
3.Nb1c3 Bf8b4
4.e5 c5
5.a3 Bb4xc3
6.bxc3 Qd8a5
7.Bc1d2 Qa5a4
8.Ng1f3 Ng8e7
9.Bf1e2 O-O
10.O-O Nb8c6
11.Bd2e3 Ne7f5
12.Qd1d2 Nf5xe3
13.fxe3 Bc8d7
14.Rf1b1 b6
15.Be2b5 Qa4a5
16.a4 a6
17.Bb5e2 Ra8b8
18.Be2d3 c4
19.Bd3e2 Nc6e7
20.Nf3h4 Bd7xa4
21.Rb1b2 b5
22.Be2f3 g5
23.e4 gxh4
24.Qd2g5 Ne7g6
25.Qg5d2 dxe4
26.Bf3xe4 Qa5d8
27.h3 f5
28.Be4f3 Kg7
29.Ra1f1 h6
30.Bf3h5 Qd8g5
31.Qd2e2 Ng6f4
32.Rf1xf4 Qg5xf4
{ resign }
0-1

[Event "Tourn. n10303"]
[Site "www.echecsemail.com"]
[Date "2020.02.08"]
[Round "1"]
[White "Fantomas"]
[Black "Aders1"]
[WhiteElo "2200"]
[BlackElo "2340"]
[Result "0-1"]
[Round "1"]
1.e4 g6
2.Ng1f3 Bf8g7
3.d4 d6
4.Bf1c4 Ng8f6
5.O-O Nf6xe4
6.Nf3g5 Ne4xg5
7.Bc1xg5 O-O
8.Qd1d2 Nb8d7
9.Rf1e1 Nd7f6
10.c3 Rf8e8
11.h3 c6
12.b3 Bc8f5
13.Bc4d3 Bf5xd3
14.Qd2xd3 Qd8a5
15.Bg5h4 Ra8d8
16.a4 c5
17.dxc5 Qa5xc5
18.b4 Qc5c6
19.Re1c1 Rd8c8
20.f3 e6
21.b5 Qc6c4
22.Qd3xc4 Rc8xc4
23.Bh4f2 a6
24.Ra1a2 Re8c8
25.Rc1d1 d5
26.Bf2d4 Nf6e8
27.Bd4xg7 Ne8xg7
28.Kf2 Ng7f5
29.g4 Nf5d6
30.bxa6 bxa6
31.Ke3 Nd6b7
32.Rd1d4 Kg7
33.Ra2a3 a5
34.Rd4xc4 Rc8xc4
35.Nb1d2 Rc4c7
36.Kd4 Nb7d6
37.Nd2b3 Nd6c4
38.Ra3a2 Rc7b7
39.Nb3c5 Rb7b2
40.Ra2xb2 Nc4xb2
41.Nc5b7 Nb2xa4
42.Nb7xa5 Na4b2
43.g5 h5
44.h4 Kf8
45.Na5c6 Nb2c4
46.Nc6e5 Nc4d6
{ resign }
0-1

[Event "Tourn. n10277"]
[Site "www.echecsemail.com"]
[Date "2020.02.08"]
[Round "1"]
[White "Malbertan"]
[Black "Mb20"]
[WhiteElo "2050"]
[BlackElo "1969"]
[Result "0-1"]
[Round "1"]
1.e4 c5
2.Ng1f3 d6
3.d4 cxd4
4.Qd1xd4 a6
5.Nb1c3 Nb8c6
6.Qd4d1 Ng8f6
7.Bc1g5 e6
8.Qd1d2 Bf8e7
9.O-O-O h6
10.Bg5h4 O-O
11.e5 dxe5
12.Qd2e3 Qd8a5
13.Bh4g3 Nf6d5
14.Nc3xd5 exd5
15.Kb1 d4
16.Qe3e1 Be7b4
17.Qe1e2 f6
18.Qe2c4 Kh8
19.Nf3h4 Nc6e7
20.a3 Bb4d6
21.Qc4d3 Bc8e6
22.Nh4g6 Ne7xg6
23.Qd3xg6 Be6f7
24.Qg6f5 Bd6xa3
25.bxa3 Qa5xa3
{ resign }
0-1